[Event "Karlstad op"]
[Site "Karlstad"]
[Date "2023.12.27"]
[Round "3"]
[White "Krantz, Christopher"]
[Black "Eliasson, Peter"]
[Result "1-0"]
[WhiteElo "2257"]
[BlackElo "1800"]
[PlyCount "49"]
[EventDate "2023.12.27"]
[EventType "swiss"]
[EventRounds "8"]
[EventCountry "SWE"]
[SourceTitle "CB01_2024"]
[SourceDate "2024.01.03"]
[SourceVersion "1"]
[SourceVersionDate "2024.01.03"]
[SourceQuality "1"]

1. d4 Nf6 2. Nf3 c6 3. Bf4 d5 4. e3 Bf5 5. c4 e6 6. Qb3 Qb6 7. c5 Qxb3 8. axb3 Nbd7 9. Nc3 Nh5 10. b4 Nxf4 11. exf4 Be7 12. b5 0-0 13. b4 h6 14. bxc6 bxc6 15. b5 Nb8 16. Kd2 f6 17. Bd3 Bg4 18. Rhe1 Bxf3 19. gxf3 e5 20. bxc6 exd4 21. Nxd5 Bxc5 22. Rac1 Ba3 23. Ne7+ Bxe7 24. Rxe7 Rc8 25. c7 1-0

[Event "SWE-chT 2223 Elite"]
[Site "Sweden"]
[Date "2023.01.22"]
[Round "5.2"]
[White "Krantz, Christopher"]
[Black "Johansson, Linus"]
[Result "0-1"]
[WhiteElo "2242"]
[BlackElo "2461"]
[PlyCount "46"]
[EventDate "2022.10.14"]
[EventType "team-tourn"]
[EventRounds "9"]
[EventCountry "SWE"]
[SourceTitle "CBM 213 Extra"]
[Source "ChessBase"]
[SourceDate "2023.05.31"]
[SourceVersion "1"]
[SourceVersionDate "2023.05.31"]
[SourceQuality "1"]
[WhiteTeam "Eksjo"]
[BlackTeam "Limhamn"]
[WhiteTeamCountry "SWE"]
[BlackTeamCountry "SWE"]

1. d4 Nf6 2. Nf3 c5 3. d5 e6 4. Nc3 b5 5. Bg5 Qa5 6. Bxf6 gxf6 7. e4 Rg8 8. Bxb5 Rxg2 9. Nh4 Rg7 10. Qf3 Na6 11. 0-0-0 Rb8 12. a4 Nc7 13. d6 Nxb5 14. Nxb5 Rxb5 15. axb5 Qa1+ 16. Kd2 Qxb2 17. Qd3 Rg4 18. Nf3 Qb4+ 19. c3 Qb2+ 20. Ke1 Bb7 21. Nd2 Bh6 22. f3 Rg2 23. Rf1 Bg5 0-1

[Event "SWE-chT 2223 Elite"]
[Site "Sweden"]
[Date "2023.01.20"]
[Round "6.1"]
[White "Nilsson, Anders"]
[Black "Krantz, Christopher"]
[Result "0-1"]
[WhiteElo "2209"]
[BlackElo "2242"]
[PlyCount "202"]
[EventDate "2022.10.14"]
[EventType "team-tourn"]
[EventRounds "9"]
[EventCountry "SWE"]
[SourceTitle "CBM 213 Extra"]
[Source "ChessBase"]
[SourceDate "2023.05.31"]
[SourceVersion "1"]
[SourceVersionDate "2023.05.31"]
[SourceQuality "1"]
[WhiteTeam "Helsingborg"]
[BlackTeam "Eksjo"]
[WhiteTeamCountry "SWE"]
[BlackTeamCountry "SWE"]

1. d4 d5 2. Bf4 c5 3. e3 Nc6 4. Nf3 cxd4 5. exd4 Bf5 6. c3 e6 7. Bd3 Bxd3 8. Qxd3 Bd6 9. Bg3 Nge7 10. Nbd2 h6 11. 0-0 Bxg3 12. hxg3 0-0 13. Rfe1 Qc7 14. Nf1 Ng6 15. Ne3 Rad8 16. Ng4 Rfe8 17. Re2 a6 18. Rae1 b5 19. Qd2 Qd6 20. a3 Na5 21. Nfe5 Nxe5 22. Nxe5 Nc4 23. Qd3 a5 24. Kh2 Nxe5 25. Rxe5 b4 26. axb4 axb4 27. f4 bxc3 28. bxc3 Qc6 29. f5 exf5 30. Rxe8+ Rxe8 31. Rxe8+ Qxe8 32. Qxf5 Qe6 33. Qf4 Kh7 34. g4 g5 35. Qf3 Kg6 36. Qd3+ f5 37. c4 dxc4 38. gxf5+ Kf6 39. Qc3 Qd5 40. Qh3 Qd6+ 41. Kh1 Qxd4 42. Qxh6+ Kxf5 43. Qh7+ Kf4 44. Qf7+ Ke3 45. Qe7+ Kf2 46. Qf8+ Qf4 47. Qc5+ Kf1 48. Qg1+ Ke2 49. Qc5 g4 50. Qe7+ Kf2 51. Qc5+ Kf1 52. Qb6 Qe4 53. Qf6+ Ke1 54. Qa1+ Kd2 55. Qb2+ Ke3 56. Qc3+ Qd3 57. Qe5+ Kd2 58. Qb2+ Ke1 59. Qc1+ Ke2 60. Qb2+ Kd1 61. Qa1+ Kc2 62. Qa2+ Kc3 63. Qa3+ Kd4 64. Qd6+ Ke3 65. Qe5+ Qe4 66. Qc3+ Ke2 67. Qb2+ Ke3 68. Qc3+ Kf4 69. Qf6+ Kg3 70. Qc3+ Kf2 71. Qd2+ Kf1 72. Qc1+ Qe1 73. Qf4+ Ke2+ 74. Kh2 Qh4+ 75. Kg1 Qe1+ 76. Kh2 g3+ 77. Kh3 Qc3 78. Qe4+ Kd2 79. Qf4+ Kc2 80. Qf5+ Qd3 81. Qb5 c3 82. Qa4+ Kc1 83. Qa1+ Kd2 84. Qa5 Kd1 85. Qh5+ Ke1 86. Qe5+ Kd2 87. Qa5 Qe3 88. Qb4 Ke2 89. Qb5+ Ke1 90. Qb1+ Kf2 91. Qf5+ Ke1 92. Qb1+ Kd2 93. Qb4 Qe5 94. Kg4 Kd3 95. Qb3 Ke3 96. Kh3 Qf5+ 97. Kxg3 Qg5+ 98. Kh3 Qh5+ 99. Kg3 Qg6+ 100. Kh3 Kf2 101. g4 Qh6# 0-1

[Event "Karlstad op"]
[Site "Karlstad"]
[Date "2022.12.27"]
[Round "1"]
[White "Andersson, Jan"]
[Black "Krantz, Christopher"]
[Result "0-1"]
[WhiteElo "1735"]
[BlackElo "2241"]
[PlyCount "86"]
[EventDate "2022.12.27"]
[EventType "swiss"]
[EventRounds "8"]
[EventCountry "SWE"]
[SourceTitle "CBM 211 Extra"]
[Source "ChessBase"]
[SourceDate "2023.01.31"]
[SourceVersion "1"]
[SourceVersionDate "2023.01.31"]
[SourceQuality "1"]

1. e4 g6 2. d4 Bg7 3. Nf3 c6 4. c3 d6 5. Bc4 Nf6 6. h3 Nxe4 7. 0-0 0-0 8. Re1 d5 9. Bd3 Nd6 10. Bf4 Nd7 11. Nbd2 Nf6 12. Nf1 Bf5 13. Ng3 Bxd3 14. Qxd3 Re8 15. Be5 Nc4 16. h4 Nxb2 17. Qc2 Nc4 18. Bxf6 Bxf6 19. h5 e5 20. hxg6 hxg6 21. dxe5 Nxe5 22. Re3 Nxf3+ 23. Rxf3 Bg7 24. Ne2 Qe7 25. Re3 Qc5 26. Rh3 Re4 27. g3 Rae8 28. Nf4 Qxc3 29. Qxc3 Bxc3 30. Rb1 Re1+ 31. Rxe1 Rxe1+ 32. Kg2 Ra1 33. g4 d4 34. Nd3 Rxa2 35. Nc5 b5 36. Nd7 b4 37. Nf6+ Kf8 38. Nd7+ Ke7 39. Nc5 a5 40. Rh8 a4 41. g5 b3 42. Rc8 b2 43. Rc7+ Kd6 0-1

[Event "SWE-chT 2223 Elite"]
[Site "Sweden"]
[Date "2022.10.16"]
[Round "3.4"]
[White "Blomqvist, Erik"]
[Black "Krantz, Christopher"]
[Result "1-0"]
[WhiteElo "2526"]
[BlackElo "2242"]
[PlyCount "129"]
[EventDate "2022.10.14"]
[EventType "team-tourn"]
[EventRounds "9"]
[EventCountry "SWE"]
[SourceTitle "CBM 210 Extra"]
[Source "ChessBase"]
[SourceDate "2022.11.30"]
[SourceVersion "1"]
[SourceVersionDate "2022.11.30"]
[SourceQuality "1"]
[WhiteTeam "Stockholm Rockaden"]
[BlackTeam "Eksjo"]
[WhiteTeamCountry "SWE"]
[BlackTeamCountry "SWE"]

1. e4 d5 2. exd5 Qxd5 3. d4 e5 4. Nf3 Nc6 5. Nc3 Bb4 6. Bd2 Bxc3 7. Bxc3 e4 8. Ne5 Nxe5 9. dxe5 Ne7 10. Qd4 Qxd4 11. Bxd4 0-0 12. 0-0-0 Bf5 13. h3 Rad8 14. g4 Nc6 15. Bc3 Rxd1+ 16. Kxd1 Bg6 17. h4 h5 18. Be2 hxg4 19. Bxg4 Re8 20. h5 Bh7 21. e6 fxe6 22. Ke2 Re7 23. Ke3 e5 24. Rd1 Kf7 25. b4 Kf6 26. b5 Nd4 27. Bxd4 exd4+ 28. Rxd4 Re5 29. Be2 Rc5 30. c4 a6 31. b6 cxb6 32. Rd7 Ra5 33. Rxb7 Ra3+ 34. Kf4 Rxa2 35. Rxb6+ Ke7 36. Ke3 Ra3+ 37. Kd4 Ra2 38. Bg4 Rxf2 39. h6 Rd2+ 40. Ke3 Rd3+ 41. Kf4 e3 42. Rb7+ Kf6 43. Be2 Rd4+ 44. Kg3 Rd8 45. c5 Rg8 46. Kf4 g5+ 47. Kxe3 Bf5 48. Rb6+ Ke5 49. Bxa6 Kd5 50. Rf6 Re8+ 51. Kf2 Ke5 52. Rd6 Rh8 53. Bc4 Rc8 54. Rd5+ Kf4 55. Bb5 Be4 56. Rd4 Ke5 57. Ke3 Bd5 58. h7 Rf8 59. Be2 Rh8 60. Bd3 Rf8 61. Rb4 Rf3+ 62. Ke2 Rf8 63. Rb6 Be4 64. Bxe4 Kxe4 65. Rh6 1-0

[Event "SWE-chT 2122 Elite"]
[Site "Sweden"]
[Date "2021.12.05"]
[Round "2.1"]
[White "Krantz, Christopher"]
[Black "Kucuksari, Kaan"]
[Result "1/2-1/2"]
[WhiteElo "2245"]
[BlackElo "2337"]
[PlyCount "93"]
[EventDate "2021.12.03"]
[EventType "team-tourn"]
[EventRounds "9"]
[EventCountry "SWE"]
[SourceTitle "EXT 2023"]
[Source "ChessBase"]
[SourceDate "2022.10.05"]
[SourceVersion "1"]
[SourceVersionDate "2022.10.05"]
[SourceQuality "1"]
[WhiteTeam "Eksjo"]
[BlackTeam "Lunds"]
[WhiteTeamCountry "SWE"]
[BlackTeamCountry "SWE"]

1. d4 Nf6 2. Nf3 g6 3. g3 Bg7 4. Bg2 0-0 5. 0-0 d6 6. b3 e5 7. dxe5 Ng4 8. Bb2 Nc6 9. c4 Ngxe5 10. Nxe5 Nxe5 11. Nc3 Rb8 12. Qd2 Bd7 13. Rfd1 Bc6 14. Nd5 Re8 15. Rac1 Bd7 16. f4 c6 17. fxe5 cxd5 18. exd6 Bxb2 19. Qxb2 Be6 20. c5 b6 21. Bxd5 bxc5 22. Bc6 Rf8 23. Qa3 c4 24. Qxa7 Rb6 25. Bd5 Bxd5 26. Rxd5 cxb3 27. axb3 Rxd6 28. Rxd6 Qxd6 29. Qe3 Rb8 30. Rf1 Qd5 31. Rf3 Rc8 32. Qd3 Qe6 33. Kg2 Re8 34. Kf2 Qh3 35. Kg1 Qe6 36. Kg2 Qxe2+ 37. Qxe2 Rxe2+ 38. Rf2 Re4 39. Rb2 Rb4 40. Kf3 Kf8 41. Ke3 Ke7 42. Kd3 Kd6 43. Kc3 Re4 44. b4 Kc6 45. Kd3 f5 46. Rc2+ Kb5 47. Rc7 1/2-1/2

[Event "SWE-chT 2122 Elite"]
[Site "Sweden"]
[Date "2021.12.04"]
[Round "1.3"]
[White "Krantz, Christopher"]
[Black "Ziegler, Ari"]
[Result "0-1"]
[WhiteElo "2245"]
[BlackElo "2323"]
[PlyCount "182"]
[EventDate "2021.12.03"]
[EventType "team-tourn"]
[EventRounds "9"]
[EventCountry "SWE"]
[SourceTitle "EXT 2023"]
[Source "ChessBase"]
[SourceDate "2022.10.05"]
[SourceVersion "1"]
[SourceVersionDate "2022.10.05"]
[SourceQuality "1"]
[WhiteTeam "Eksjo"]
[BlackTeam "Limhamn"]
[WhiteTeamCountry "SWE"]
[BlackTeamCountry "SWE"]

1. d4 Nf6 2. Nf3 e6 3. Bg5 d5 4. e3 h6 5. Bh4 c5 6. c3 Nc6 7. Nbd2 g5 8. Bg3 Nh5 9. Bd3 Nxg3 10. hxg3 Bg7 11. dxc5 Qe7 12. Nb3 e5 13. e4 Be6 14. Qc2 a5 15. exd5 Bxd5 16. Be4 Be6 17. 0-0 a4 18. Nbd2 Qxc5 19. Bf5 Qe7 20. Rfe1 0-0 21. g4 Rfd8 22. Ne4 b5 23. Ng3 Rac8 24. Bxe6 Qxe6 25. Qf5 Qxf5 26. Nxf5 f6 27. Rad1 Bf8 28. Nd2 Kf7 29. Ne4 Ke6 30. Ne3 Na5 31. Kf1 b4 32. Rxd8 Rxd8 33. cxb4 Bxb4 34. Rc1 Rd4 35. f3 Bd2 36. Rc5 Nb7 37. Rb5 Rxe4 38. fxe4 Nd6 39. Rb8 Bxe3 40. Rb4 Bd4 41. Rxa4 Bxb2 42. Ke2 Bd4 43. Ra6 Kd7 44. Kd3 Kc7 45. Ra8 Nc8 46. Ra6 Bb6 47. Ra4 Kc6 48. Ra8 Kb7 49. Ra3 Nd6 50. Rc3 Bd4 51. Rc1 Bb6 52. Rh1 Nf7 53. Rf1 Bd8 54. a4 Nd6 55. Rh1 Kc6 56. Rc1+ Kd7 57. Ra1 Nb7 58. Kc4 Kc6 59. Ra2 Bb6 60. Ra1 Bd8 61. Ra2 Na5+ 62. Kd3 Nb3 63. Kc4 Na5+ 64. Kd3 Bb6 65. Rc2+ Kd6 66. Rb2 Kc6 67. Rc2+ Bc5 68. Rc1 Nb7 69. Rc2 Nd8 70. a5 Ne6 71. Kc4 Bd4 72. a6 Kb6 73. Ra2 Ka7 74. Ra5 Nf4 75. Ra2 h5 76. g3 hxg4 77. gxf4 gxf4 78. Kb5 g3 79. Rc2 f3 80. Rc7+ Kb8 81. Rb7+ Kc8 82. Kc6 g2 83. a7 Bxa7 84. Rxa7 Kd8 85. Kd6 Ke8 86. Ke6 Kf8 87. Kxf6 Kg8 88. Ra8+ Kh7 89. Ra7+ Kh6 90. Ra8 Kh5 91. Kf5 Kh4 0-1

[Event "SWE-chT Lag SM"]
[Site "Stockholm"]
[Date "2021.10.24"]
[Round "3.2"]
[White "Krantz, Christopher"]
[Black "Jogstad, Martin"]
[Result "0-1"]
[WhiteElo "2228"]
[BlackElo "2350"]
[PlyCount "94"]
[EventDate "2021.10.22"]
[EventType "team-tourn"]
[EventRounds "3"]
[EventCountry "SWE"]
[SourceTitle "CBM 204 Extra"]
[Source "ChessBase"]
[SourceDate "2021.11.30"]
[SourceVersion "1"]
[SourceVersionDate "2021.11.30"]
[SourceQuality "1"]
[WhiteTeam "Eksjo"]
[BlackTeam "Lunds"]
[WhiteTeamCountry "SWE"]
[BlackTeamCountry "SWE"]

1. d4 e6 2. Nf3 d5 3. Bf4 Bd6 4. Bg3 Nf6 5. Nbd2 0-0 6. e3 b6 7. c3 Bb7 8. Bd3 Nbd7 9. Qc2 g6 10. e4 dxe4 11. Nxe4 Nxe4 12. Bxe4 Qc8 13. 0-0 Bxg3 14. hxg3 c5 15. Rad1 Qc7 16. Bxb7 Qxb7 17. dxc5 Nxc5 18. Rd4 Rad8 19. Rfd1 Qc7 20. Qd2 Ne4 21. Qe3 Nf6 22. c4 Kg7 23. Ne5 Rfe8 24. g4 Rxd4 25. Qxd4 h6 26. b4 Qe7 27. a3 Kg8 28. Rd3 Nh7 29. Nc6 Qg5 30. Nxa7 e5 31. Qe3 Qxg4 32. c5 bxc5 33. Qxc5 e4 34. Rd6 e3 35. fxe3 Ng5 36. Qd5 Nh3+ 37. Kh2 Nf2 38. Qd4 Ne4 39. Kg1 Qg3 40. Rd7 Re5 41. Rd8+ Kh7 42. Rd5 Qe1+ 43. Kh2 Qg3+ 44. Kg1 Ng5 45. Kf1 Nf3 46. Qd1 Rxd5 47. Qxf3 Rf5 0-1

[Event "SWE-chT Lag SM"]
[Site "Stockholm"]
[Date "2021.10.23"]
[Round "2.1"]
[White "Kenneskog, Theodor"]
[Black "Krantz, Christopher"]
[Result "1/2-1/2"]
[WhiteElo "2309"]
[BlackElo "2228"]
[PlyCount "92"]
[EventDate "2021.10.22"]
[EventType "team-tourn"]
[EventRounds "3"]
[EventCountry "SWE"]
[SourceTitle "CBM 204 Extra"]
[Source "ChessBase"]
[SourceDate "2021.11.30"]
[SourceVersion "1"]
[SourceVersionDate "2021.11.30"]
[SourceQuality "1"]
[WhiteTeam "Stockholm Rochaden"]
[BlackTeam "Eksjo"]
[WhiteTeamCountry "SWE"]
[BlackTeamCountry "SWE"]

1. e4 g6 2. d4 Bg7 3. Nf3 c6 4. Nc3 d5 5. h3 dxe4 6. Nxe4 Nf6 7. Nxf6+ exf6 8. Bd3 0-0 9. 0-0 Nd7 10. c4 Re8 11. b3 Nf8 12. Bb2 Be6 13. Re1 Qd7 14. Qd2 g5 15. h4 g4 16. Nh2 h5 17. Nf1 Ng6 18. Ng3 Nxh4 19. Nxh5 Bf5 20. Nxg7 Kxg7 21. d5 Kg6 22. Qf4 Bxd3 23. Rxe8 Rxe8 24. Qxf6+ Kh5 25. Bc1 Re1+ 26. Kh2 Rxc1 27. Rxc1 cxd5 28. Qe5+ Qf5 29. Qxf5+ Nxf5 30. cxd5 Nd6 31. Rc7 Bf5 32. Kg3 Kg5 33. f3 gxf3 34. gxf3 Bc8 35. f4+ Kf6 36. Kf3 Kg7 37. a4 Kf8 38. Ke3 Ke8 39. Kd4 Kd8 40. Rc1 Bf5 41. b4 Kd7 42. b5 Bg6 43. Rc3 Bf5 44. Rc1 Bg6 45. Rc3 Bf5 46. Rc1 Bg6 1/2-1/2

[Event "SWE-chT 1920 Superettan"]
[Site "Sweden"]
[Date "2020.10.18"]
[Round "9"]
[White "Krantz, Christopher"]
[Black "Kockum, Anton Frisk"]
[Result "1-0"]
[WhiteElo "2217"]
[BlackElo "2366"]
[PlyCount "137"]
[EventDate "2019.10.18"]
[EventType "team-tourn"]
[EventRounds "9"]
[EventCountry "SWE"]
[SourceTitle "EXT 2023"]
[Source "ChessBase"]
[SourceDate "2022.10.05"]
[SourceVersion "1"]
[SourceVersionDate "2022.10.05"]
[SourceQuality "1"]
[WhiteTeam "Umea Rockaden"]
[BlackTeam "Orgryte"]
[WhiteTeamCountry "SWE"]
[BlackTeamCountry "SWE"]

1. d4 f5 2. Nc3 d5 3. Bf4 Nf6 4. e3 e6 5. Nf3 Be7 6. Bd3 0-0 7. 0-0 c6 8. Ne2 Nbd7 9. Ne5 Nxe5 10. Bxe5 Bd7 11. c4 b5 12. c5 a5 13. a4 b4 14. Nc1 Bc8 15. Nb3 Ba6 16. f3 Nd7 17. Bxa6 Rxa6 18. Qe2 Ra7 19. e4 Nxe5 20. dxe5 fxe4 21. fxe4 dxe4 22. Qxe4 Qd5 23. Qxd5 exd5 24. g3 Re8 25. Rfe1 Bf8 26. Rac1 g6 27. Nd4 Rc7 28. Rc2 Bg7 29. Rce2 Kf7 30. Kg2 Ke7 31. h4 Rcc8 32. Nb3 Ra8 33. Rf1 Rf8 34. Rxf8 Bxf8 35. g4 Bg7 36. Kg3 Kd7 37. Nd4 Re8 38. e6+ Kc7 39. Nb3 Bf6 40. Nxa5 h6 41. Nb3 Ra8 42. Rf2 Be5+ 43. Kg2 Re8 44. a5 Kb7 45. Re2 Bf6 46. h5 gxh5 47. gxh5 Ka6 48. Kf3 Kb5 49. Kf4 Kc4 50. Kf5 Bg5 51. Nc1 Kxc5 52. Nd3+ Kb5 53. Ne5 c5 54. Nf7 Kxa5 55. Nxg5 hxg5 56. Re5 Ka4 57. Rxd5 c4 58. Kf6 Kb3 59. Kf7 Rh8 60. e7 Kxb2 61. e8Q Rxe8 62. Kxe8 c3 63. h6 c2 64. Rc5 b3 65. h7 Kb1 66. h8Q b2 67. Qc3 c1Q 68. Qd3+ Ka2 69. Ra5# 1-0

[Event "Vaxjo Nordic zt"]
[Site "Vaxjo"]
[Date "2017.07.02"]
[Round "9"]
[White "Brynell, Stellan"]
[Black "Krantz, Christopher"]
[Result "1-0"]
[WhiteElo "2434"]
[BlackElo "2200"]
[PlyCount "119"]
[EventDate "2017.06.26"]
[EventType "swiss"]
[EventRounds "9"]
[EventCountry "SWE"]
[SourceTitle "CBM 179 Extra"]
[Source "ChessBase"]
[SourceDate "2017.08.23"]
[SourceVersion "1"]
[SourceVersionDate "2017.08.23"]
[SourceQuality "1"]

1. d4 Nf6 2. Nf3 d5 3. c4 e6 4. Nc3 Bb4 5. e3 0-0 6. Bd3 b6 7. 0-0 Ba6 8. cxd5 exd5 9. Bxa6 Nxa6 10. Qa4 Qc8 11. Bd2 Re8 12. Rfc1 Bf8 13. Ne2 c5 14. dxc5 bxc5 15. Bc3 Ne4 16. Nf4 Nxc3 17. bxc3 Nc7 18. Rd1 Rd8 19. Rab1 Rd6 20. h3 Ra6 21. Qc2 Rd6 22. Qa4 Ra6 23. Qc2 Rd6 24. c4 dxc4 25. Qxc4 Rb8 26. Qc2 Rxd1+ 27. Rxd1 Ne6 28. Nxe6 Qxe6 29. Rc1 Qf6 30. Qe4 Qb2 31. Qc2 Qf6 32. Qc4 Rb4 33. Qd5 Rb2 34. Rd1 g6 35. Rd2 Rb1+ 36. Rd1 Rb2 37. a4 Kg7 38. Nd2 Rb4 39. a5 Ra4 40. Nc4 Be7 41. f4 Qe6 42. Qxe6 fxe6 43. Rd7 Kf8 44. Ne5 Rxa5 45. Kf2 Ra2+ 46. Kf3 a5 47. Ra7 a4 48. g4 Ra1 49. Nc4 Bf6 50. Ke4 Bc3 51. Nb6 a3 52. Nd7+ Ke8 53. Nxc5 Bb2 54. Nxe6 Re1 55. f5 gxf5+ 56. gxf5 Bc1 57. f6 Rxe3+ 58. Kd5 Rd3+ 59. Kc6 Rc3+ 60. Kb5 1-0

[Event "Vaxjo Nordic zt"]
[Site "Vaxjo"]
[Date "2017.07.01"]
[Round "8"]
[White "Krantz, Christopher"]
[Black "Helin, Mikael"]
[Result "1-0"]
[WhiteElo "2200"]
[BlackElo "1861"]
[PlyCount "81"]
[EventDate "2017.06.26"]
[EventType "swiss"]
[EventRounds "9"]
[EventCountry "SWE"]
[SourceTitle "CBM 179 Extra"]
[Source "ChessBase"]
[SourceDate "2017.08.23"]
[SourceVersion "1"]
[SourceVersionDate "2017.08.23"]
[SourceQuality "1"]

1. b3 c5 2. Bb2 Nc6 3. Nf3 Nf6 4. e3 e6 5. c4 a6 6. a3 Rb8 7. Nc3 d5 8. cxd5 exd5 9. d4 b5 10. dxc5 Bxc5 11. Rc1 Qd6 12. b4 Ba7 13. Be2 0-0 14. 0-0 Ne7 15. Nd4 Bd7 16. Bf3 Rb6 17. Nde2 Bb8 18. g3 Bh3 19. Re1 Rd8 20. Nf4 Be6 21. Nce2 Ng6 22. Bxf6 gxf6 23. Nh5 Ne5 24. Nxf6+ Kg7 25. Nh5+ Kh8 26. Qd4 Rb7 27. Bg2 Ba7 28. Qf4 f5 29. Nd4 Bf7 30. Nxf5 Qe6 31. Qg5 Rg8 32. Qf6+ Qxf6 33. Nxf6 Nd3 34. Nxg8 Nxe1 35. Nge7 Rb8 36. Rxe1 Re8 37. Bxd5 Bg6 38. Rc1 Bb8 39. Rc6 Be5 40. Nxg6+ hxg6 41. Rxg6 1-0

[Event "Vaxjo Nordic zt"]
[Site "Vaxjo"]
[Date "2017.06.29"]
[Round "6"]
[White "Krantz, Christopher"]
[Black "Vernersson, Per"]
[Result "1/2-1/2"]
[WhiteElo "2200"]
[BlackElo "2290"]
[PlyCount "119"]
[EventDate "2017.06.26"]
[EventType "swiss"]
[EventRounds "9"]
[EventCountry "SWE"]
[SourceTitle "CBM 179 Extra"]
[Source "ChessBase"]
[SourceDate "2017.08.23"]
[SourceVersion "1"]
[SourceVersionDate "2017.08.23"]
[SourceQuality "1"]

1. d4 d5 2. Bf4 Nf6 3. e3 Bf5 4. c4 c6 5. Nc3 e6 6. Qb3 Qb6 7. c5 Qxb3 8. axb3 Nfd7 9. Nf3 Be7 10. b4 0-0 11. Be2 Bg4 12. Nd2 Bxe2 13. Kxe2 b5 14. Nb3 a6 15. Kd3 Ra7 16. Ra3 Re8 17. f3 Bd8 18. Bd6 Bc7 19. e4 dxe4+ 20. fxe4 Bxd6 21. cxd6 e5 22. Nc5 exd4 23. Kxd4 Nxc5 24. Kxc5 Rb7 25. Kd4 f6 26. Rha1 Rd7 27. Kc5 Re5+ 28. Kb6 Rxd6 29. Rd1 Rxd1 30. Nxd1 Re7 31. Nf2 Kf7 32. Nd3 Ke8 33. Nc5 Kd8 34. Rd3+ Kc8 35. Rd6 h5 36. h4 Re5 37. g3 Re7 38. Re6 Nd7+ 39. Kxc6 Rxe6+ 40. Nxe6 g6 41. Nc5 Ne5+ 42. Kd6 g5 43. Ke6 gxh4 44. gxh4 Nf3 45. Kxf6 Nxh4 46. e5 Ng2 47. e6 Nf4 48. e7 Nd5+ 49. Kf7 Nxe7 50. Kxe7 h4 51. Kd6 h3 52. Ne4 h2 53. Nf2 Kb7 54. Nh1 Kb6 55. Ng3 Kb7 56. Kd5 Kb6 57. Ke4 Kc6 58. b3 Kb6 59. Kd5 Kc7 60. Kc5 1/2-1/2

[Event "Vaxjo Nordic zt"]
[Site "Vaxjo"]
[Date "2017.06.27"]
[Round "3"]
[White "Kjartansson, Gudmundur"]
[Black "Krantz, Christopher"]
[Result "1-0"]
[WhiteElo "2464"]
[BlackElo "2200"]
[PlyCount "97"]
[EventDate "2017.06.26"]
[EventType "swiss"]
[EventRounds "9"]
[EventCountry "SWE"]
[SourceTitle "CBM 179 Extra"]
[Source "ChessBase"]
[SourceDate "2017.08.23"]
[SourceVersion "1"]
[SourceVersionDate "2017.08.23"]
[SourceQuality "1"]

1. c4 Nf6 2. g3 e6 3. Bg2 d5 4. Nf3 dxc4 5. 0-0 Nbd7 6. Qa4 a6 7. Qxc4 b5 8. Qc2 Bb7 9. d3 Be7 10. b3 0-0 11. Bb2 c5 12. Nbd2 Qb6 13. Rac1 Rac8 14. Qb1 Rfd8 15. Qa1 h6 16. Rc2 Qa7 17. Rfc1 Qa8 18. Bf1 Ne8 19. Ne5 Nxe5 20. Bxe5 Qa7 21. e4 Bf6 22. Be2 Qb6 23. h4 Bxe5 24. Qxe5 Nf6 25. Qf4 Nd7 26. Qe3 Qd6 27. f4 f5 28. Bf3 e5 29. exf5 Bxf3 30. Nxf3 Re8 31. b4 exf4 32. Qxf4 Qxf4 33. gxf4 Re3 34. Kf2 Rxd3 35. bxc5 Rd5 36. c6 Nb6 37. Ne5 Rc7 38. Ke3 Kf8 39. Ke4 Rd6 40. Rg1 Nc4 41. Rg6 Rxg6 42. fxg6 Nb6 43. Kd4 Ke7 44. Kc5 Nc8 45. Rd2 Ra7 46. Rd7+ Rxd7 47. cxd7 Na7 48. Kb6 b4 49. Kxa7 1-0

[Event "Benidorm op U2300 15th"]
[Site "Benidorm"]
[Date "2016.12.09"]
[Round "9"]
[White "Krantz, Christopher"]
[Black "Cano Gimenez, Vicente"]
[Result "1/2-1/2"]
[WhiteElo "2188"]
[BlackElo "2282"]
[PlyCount "63"]
[EventDate "2016.12.02"]
[EventType "swiss"]
[EventRounds "10"]
[EventCountry "ESP"]
[SourceTitle "EXT 2019"]
[Source "ChessBase"]
[SourceDate "2018.10.10"]
[SourceVersion "1"]
[SourceVersionDate "2018.10.10"]
[SourceQuality "1"]

1. d4 Nf6 2. Nf3 g6 3. c4 c5 4. Nc3 cxd4 5. Nxd4 Nc6 6. e4 d6 7. Be2 Nxd4 8. Qxd4 Bg7 9. Bg5 0-0 10. Qd2 Be6 11. Rc1 Qa5 12. 0-0 a6 13. Rfd1 Rfc8 14. Bxf6 Bxf6 15. Nd5 Qxd2 16. Nxf6+ Kg7 17. Nh5+ gxh5 18. Rxd2 a5 19. f4 f6 20. Bxh5 Rxc4 21. Rxc4 Bxc4 22. a3 Be6 23. Rc2 Rc8 24. Rxc8 Bxc8 25. Kf2 e5 26. Ke3 Be6 27. g3 Kf8 28. Kf3 Ke7 29. Bg4 Bc4 30. Bf5 h6 31. Bc8 b6 32. Ke3 1/2-1/2

[Event "Vasteras op"]
[Site "Vasteras"]
[Date "2016.09.24"]
[Round "6"]
[White "Lissang, Christopher"]
[Black "Krantz, Christopher"]
[Result "1-0"]
[WhiteElo "2313"]
[BlackElo "2200"]
[PlyCount "87"]
[EventDate "2016.09.23"]
[EventType "swiss"]
[EventRounds "8"]
[EventCountry "SWE"]
[SourceTitle "CBM 174 Extra"]
[Source "ChessBase"]
[SourceDate "2016.10.10"]
[SourceVersion "1"]
[SourceVersionDate "2016.10.10"]
[SourceQuality "1"]

1. Nf3 d5 2. g3 c6 3. Bg2 Bg4 4. 0-0 Nd7 5. d3 e5 6. Qe1 Ngf6 7. e4 dxe4 8. dxe4 Bc5 9. Nbd2 0-0 10. h3 Bh5 11. Nc4 Re8 12. b4 Bf8 13. Bb2 Bxf3 14. Bxf3 b5 15. Na5 c5 16. a3 Qc7 17. c3 Nb6 18. Bd1 Rad8 19. Qe2 c4 20. Bc2 Nc8 21. Rad1 Rxd1 22. Rxd1 Ne7 23. a4 a6 24. Bc1 h6 25. Qf3 Kh7 26. Be3 Qc8 27. Kg2 Nc6 28. Nxc6 Qxc6 29. a5 Re6 30. Rd5 g6 31. Rd1 Kg7 32. Re1 Bd6 33. Bc1 Ng8 34. Qe3 f5 35. Rd1 Ne7 36. Qxh6+ Kg8 37. f3 Bc7 38. Bg5 f4 39. gxf4 exf4 40. Rd2 Nc8 41. e5 Rxe5 42. Bxg6 Rxg5+ 43. Qxg5 Kf8 44. Qh6+ 1-0

[Event "Rilton Cup 45th"]
[Site "Stockholm"]
[Date "2016.01.04"]
[Round "8"]
[White "Krantz, Christopher"]
[Black "Pantzar, Milton"]
[Result "1-0"]
[WhiteElo "2230"]
[BlackElo "2103"]
[PlyCount "127"]
[EventDate "2015.12.27"]
[EventType "swiss"]
[EventRounds "9"]
[EventCountry "SWE"]
[SourceTitle "EXT 2017"]
[Source "ChessBase"]
[SourceDate "2016.10.25"]
[SourceVersion "1"]
[SourceVersionDate "2016.10.25"]
[SourceQuality "1"]

1. Nf3 Nf6 2. c4 g6 3. d4 c5 4. Nc3 cxd4 5. Nxd4 Nc6 6. e4 Bg7 7. Be3 0-0 8. Be2 d6 9. Qd2 a6 10. 0-0 Bd7 11. f3 Rb8 12. Nb3 Be6 13. Rac1 Ne5 14. c5 dxc5 15. Qxd8 Rfxd8 16. Nxc5 Bc4 17. b3 Bxe2 18. Nxe2 Nd3 19. Nxd3 Rxd3 20. Kf2 Rd7 21. Ba7 Ra8 22. Bb6 Ne8 23. Rc2 Be5 24. Rfc1 Kg7 25. f4 Bd6 26. e5 Ba3 27. Rc8 Bxc1 28. Rxa8 Nc7 29. Rc8 Nd5 30. Bd4 Nxf4 31. e6+ Rxd4 32. Nxd4 fxe6 33. Nxe6+ Nxe6 34. Rxc1 Kf6 35. Rc8 Ng5 36. Ke3 Nf7 37. Kd4 Nd6 38. Rb8 Ke6 39. a4 h5 40. Rf8 Nf5+ 41. Ke4 Nd6+ 42. Kf4 Nf7 43. h4 Kf6 44. b4 Ke6 45. Rg8 Kf6 46. Ke4 Nd6+ 47. Kd5 Kf5 48. a5 Kf6 49. Rf8+ Kg7 50. Rf2 Nf5 51. Ke6 Nxh4 52. Kxe7 g5 53. Ke6 g4 54. Rf7+ Kg6 55. Rxb7 Nxg2 56. b5 Nf4+ 57. Kd7 Nd3 58. Rb6+ Kf5 59. bxa6 Nc5+ 60. Ke7 Nxa6 61. Rxa6 g3 62. Ra8 h4 63. Rg8 Kf4 64. a6 1-0